Nové emisie štátnych dlhopisov vlani presiahli 38 mld Sk

Emisie štátnych dlhopisov, obchodovanie s emisiami na BCPB, štruktúra vlastníkov emisií, emisie neštátnych dlhopisov a výnosová krivka v r. 1995. Banky nakúpili v r. 1995 štátne dlhopisy za vyše 37 mld Sk. Vkladové certifikáty bánk. Stiahnutie prebytočnej likvidity z obchodných bánk.

Gespeichert in:
Bibliographische Detailangaben
1. Verfasser: Mlynka, T.
Format: Buchkapitel
Sprache:Slowakisch
Schlagworte:
Tags: Tag hinzufügen
Keine Tags, Fügen Sie das erste Tag hinzu!

MARC

LEADER 00000naa a2200000 4500
001 r019522
005 20230921074410.8
041 0 |a slo 
044 |a SK 
245 1 0 |a Nové emisie štátnych dlhopisov vlani presiahli 38 mld Sk  |c T. Mlynka 
520 |a Emisie štátnych dlhopisov, obchodovanie s emisiami na BCPB, štruktúra vlastníkov emisií, emisie neštátnych dlhopisov a výnosová krivka v r. 1995. Banky nakúpili v r. 1995 štátne dlhopisy za vyše 37 mld Sk. Vkladové certifikáty bánk. Stiahnutie prebytočnej likvidity z obchodných bánk. 
610 2 0 |a Slovensko 
610 2 0 |a dlhopisy 
610 2 0 |a emisia 
610 2 0 |a BCP Bratislava 
610 2 0 |a banky 
610 2 0 |a trh kapitálový 
610 2 0 |a 1995 
100 1 |a Mlynka, T.